| 000 | 01009nam a2200229Ia 4500 | ||
|---|---|---|---|
| 003 | GCL | ||
| 008 | 140319s9999 xx 000 0 ara d | ||
| 020 | _a772299953 | ||
| 040 |
_aGCL / _cGCL |
||
| 082 | 0 | 4 |
_a956.7 _bر ق |
| 100 | 1 | _aرعد مجيد الحمدانى | |
| 245 | 1 | 0 |
_aقبل ان يغادرنا التاريخ / _cرعد مجيد الحمدانى |
| 250 | _aالاولى | ||
| 260 |
_aبيروت : _bالدار العربية للعلوم ، _c2007 |
||
| 300 |
_a350 ص ؛ _c24 سم |
||
| 650 | 0 | 4 | _aالعراق - تاريخ - العصر الحديث - احتلال الكويت ( 1990-1991 ) |
| 650 | 0 | 4 | _aالاعتداء الامريكى على العراق |
| 650 | 0 | 4 | _aالعراق - تاريخ - العصر الحديث - الاحتلال الامريكي |
| 650 | 0 | 4 | _aالعراق - تاريخ - العصر الحديث - انتهاء احتلال الكويت ( 1991 ) |
| 650 | 0 | 4 | _aالاعتداء الامريكى البريطانى على العراق |
| 942 |
_2ddc _cBK |
||
| 999 |
_c9441 _d9441 |
||